Victorian Electoral Regions - Statistics

General Stats
  • This quiz has been taken 24 times
  • The average score is 7 of 8
Answers on the Map
Answers color-coded by a green-red scale on the quiz's map according to % correct below.
 
Answer Stats
Answer % Correct
Eastern Victoria
95%
Western Victoria
95%
Northern Metropolitan
90%
Northern Victoria
90%
South-Eastern Metropolitan
90%
Western Metropolitan
90%
North-Eastern Metropolitan
85%
Southern Metropolitan
80%
No matching quizzes found
Score Distribution
Percent of People with Each Score
Percentile by Number Answered
Your Score History
You have not taken this quiz